Euro 2024 Quarter Finals - Spain - Germany - Statistics

General Stats
  • This quiz has been taken 253 times
  • The average score is 27 of 36
Answer Stats
Player % Correct
Lamine Yamal
98%
Manuel Neuer
95%
Nico Williams
95%
Dani Carvajal
92%
Jamal Musiala
92%
Álvaro Morata
91%
Unai Simón
91%
Marc Cucurella
89%
Pedri
89%
Joshua Kimmich
87%
Florian Wirtz ¹
86%
Kai Havertz
85%
Rodri
84%
Antonio Rüdiger
81%
Leroy Sané
81%
Toni Kroos
81%
Jonathan Tah
80%
Aymeric Laporte
79%
Robin Le Normand
79%
Dani Olmo ¹
78%
İlkay Gündoğan
75%
Fabián Ruiz
72%
Niclas Füllkrug
70%
Julian Nagelsmann
68%
Mikel Merino ¹
67%
Luis de la Fuente
66%
David Raum
64%
Mikel Oyarzabal
64%
Thomas Müller
63%
Robert Andrich
61%
Nacho
55%
Emre Can
54%
Ferran Torres
53%
Maximilian Mittelstädt
48%
Waldemar Anton
30%
Joselu
28%
No matching quizzes found
Score Distribution
Percent of People with Each Score
Percentile by Number Answered
Your Score History
You have not taken this quiz